Хомеопатия (Запис номер 174170)
[ съкратено ]
| 000 -Лидер | |
|---|---|
| Контролно поле с фиксирана дължина | 01970nam a2200385 c 4500 |
| 003 - Код на организацията, давaща контролен номер | |
| Контролно поле | BLK |
| 005 - Дата и час на последна редакция | |
| Контролно поле | 20240426111154.0 |
| 008 - Елементи от данни с фиксирана дължина | |
| fixed length control field | 180411b bul|||||r ||||||| ||bul|| |
| 010 ## - Наследен системен номер | |
| LC control number | KNG00182630000 |
| 020 ## - Международен стандартен номер на книга ISBN | |
| Международен стандартен номер на книга ISBN | 978-954-561-292-3 |
| -- | издат.: Макрос |
| 040 ## - Източник на каталожния запис | |
| Идентификатор на билиотеката - собственик на записа | BLK |
| 041 ## - Код за език | |
| Код за езика на текст/звукозапис или на отделно заглавие | Български |
| Код за езика КДБФ | Български |
| 072 #7 - Код за тематичната категория | |
| Код организация | bullib |
| Код за тематична категория | Н61 |
| Текст | Медицина Н |
| 072 #7 - Код за тематичната категория | |
| Код организация | bullib |
| Код за тематична категория | Л02 |
| Текст | Хомеопатия, холистична медицина |
| 080 ## - УДК | |
| Текстов определител УДК | Фармакодинамика.Общи принципи на фармакологията - Взаимовръзка между състав,концентрация,дозировка,време и действие на лекарството;синергично(съвместно) и антагонистично действие;дозиране, хомеопатия, |
| УДК код - определител по УДК | 615.015 |
| УДК определител | (075.8) |
| УДК - код + определител | 615.015(075.8) |
| 100 1# - Редна дума - Автор | |
| Автор | Пейкова, Лили Пламенова |
| Авторска отговорност | първи автор |
| R(LIN) | 383094 |
| 139 ## - Редно поле | |
| Редна дума | Пейкова, Лили Пламенова и др. |
| Авторски знак | Пеи - П 33 |
| 245 10 - Сведения за заглавието | |
| Заглавие | Хомеопатия |
| Подзаглавни данни | Уч. помагало : Лекции за помощник-фармацевти |
| Редно поле (дума) | Лили Пламенова Пейкова; съавт. Бойка Георгиева Цветкова; съавт. Александър Борисов Златков. |
| 257 ## - Страна на издаване | |
| Страна на създаване/издаване | България |
| 260 ## - Област на издателските данни | |
| -- | Пловдив |
| Име на издателя, разпространителя и проч. | Макрос |
| Година на издаване | 2012 |
| 300 ## - Физическа характеристика | |
| Страници | 48 с. |
| Илюстрации и др. | с цв. ил., сх. |
| Размери/Мащаб | 21 см |
| 380 ## - Жанр | |
| Жанр | Медицина |
| 650 #4 - Допълнително описание по предмет – тема | |
| Основно описание – тема или топоним | Хомеопатия |
| 9 (RLIN) | 176741 |
| 653 ## - Ключова дума – ненормативна | |
| Ключова дума | хомеопатия |
| 659 ## - Тематичен бюлетин | |
| Тематичен бюлетин | Л |
| 659 ## - Тематичен бюлетин | |
| Тематичен бюлетин | Н |
| 700 ## - Други автори (авторска отговорност) | |
| Лично име | Цветкова, Бойка Георгиева |
| 9 (RLIN) | 339673 |
| 700 1# - Други автори (авторска отговорност) | |
| Лично име | Златков, Александър Борисов |
| Автороска отговорност (Описва отношението между автора и произведението) | съавт. |
| 9 (RLIN) | 380023 |
| 852 ## - Местоположение | |
| Форматна сигнатура | Цб 277060 |
| 856 4# - Електронен адрес и достъп | |
| Електронен формат | pdf - файл |
| Път до файла /url/ | |
| 856 4# - Електронен адрес и достъп | |
| Електронен формат | pdf - файл |
| Път до файла /url/ | |
| 942 ## - АРТИКУЛИ | |
| Вид на библиотечния материал | Книги |
| Скрит в OPAC | Не |
| 944 ## - СЪЗДАВАНЕ И РЕДАКЦИЯ на ЗАПИСА | |
| Създаване/Редакция | Създаване |
| Дата на регистрацията/редакция | 25.09.2015 |
| Служител, извършил регистрацията/редакцията | 30560 |
| Статус, дата на статуса | Геновева Генчева |
| 944 ## - СЪЗДАВАНЕ И РЕДАКЦИЯ на ЗАПИСА | |
| Създаване/Редакция | Редакция |
| Дата на регистрацията/редакция | 13.01.2016 |
| Служител, извършил регистрацията/редакцията | Геновева_Генчева |
| 999 ## - СИСТЕМНИ КОНТРОЛНИ НОМЕРА | |
| Koha biblionumber | 174170 |
| Koha biblioitemnumber | 174170 |
| Код за отписване | Код за изгубен артикул | Код за повреда | Коз за рестрикции | Код за отдаване | Артикулен № | Име на библиотеката - собственик | Име на библиотеката, в която се намира в момента | Статус (Текущо местоположение) | Дата на вписване в системата | Местоположение - отдел | Цена в лева | Инвентарен номер | Систематично азбучна сигнатура | Баркод | Номер на екземпляра | Цена в евро | Служебна бележка | Служебен тип на артикула |
|---|---|---|---|---|---|---|---|---|---|---|---|---|---|---|---|---|---|---|
| Не е изгубен | Не е повреден | без рестрикции | ползва се в читалня | 298551 | Регионална библиотека "Любен Каравелов" Русе | Регионална библиотека "Любен Каравелов" Русе | Хранилище | 2015-09-24 | Хранилище | 8.00 | 120000792997 | Цб 277060 | 120000792997 | 1 | 4.09 | Дост: Dp Вид: Д N: 29 Дата: 01.07.2015 | Книги |